|
|
|
|
| LEADER |
01650nab#a2200361#ar4500 |
| 001 |
000071561 |
| 003 |
SVKKK |
| 005 |
20010315xxxxxxx. |
| 008 |
06 c xo huno |
| FMT |
|
|
|
| 038 |
|
|
|a SVKKK
|
| 040 |
|
|
|a SVKKK
|b slo
|e AACR2
|
| 041 |
0 |
|
|a hun
|
| 044 |
|
|
|a xo
|c SK
|
| 080 |
|
|
|a 373.3
|
| 080 |
|
|
|a 373.5/.6
|
| 100 |
1 |
|
|a Lechnitzky, Štefan
|4 XXX
|
| 242 |
1 |
0 |
|a Školské oznámenie
|
| 245 |
1 |
0 |
|a Iskolai hirdetés
|c Štefan Lechnitzky
|
| 500 |
|
|
|a István
|
| 520 |
2 |
|
|a Riaditeľ Štefan (István) Lechnitzky oznámil v auguste 1917 termíny zápisov a prijímacích skúšok na šk. rok 1917/18 na Štátnu ľudovú školu v Revúcej. Budú sa konať v dňoch 3. - 6. 09. 1917. Hospodárska opakovacia dievčenská škola (Gazdasági ismétlő leányiskola) oznámila termín zápisu na 8. 09. 1917. Večerná učňovská škola (Esti iparos tanonciskola) usporiala prijímacie skúšky v dňoch 8. - 9. 09. 1917.
|
| 650 |
0 |
4 |
|a Hospodárska opakovacia dievčenská škola, Revúca (RV) - 8.09.1917 - zápisy stanovené
|
| 650 |
0 |
4 |
|a Večerná učňovská škola, Revúca (RV) - 8.-9.09.1917 - skúšky prijímacie - oznamy
|
| 650 |
0 |
4 |
|a Štátna ľudová škola, Revúca (RV) - 3.-6.09.1917 - pohovory prijímacie - Lechniczky, Štefan (riaditeľ) - podmienky prijatia
|
| 650 |
0 |
4 |
|a školstvo základné - školstvo odborné - Revúca (RV) - šk. rok 1917/18
|
| 773 |
0 |
|
|t Murányvölgye : Szépirodalmi, társadalmi és közgazdasági hetilap
|g Roč. 7, č. 33 (19.08.1917) s. 3
|
| 957 |
|
|
|a Revúca
|
| 958 |
|
|
|a DG
|
| 958 |
|
|
|a SK
|
| 974 |
|
|
|a ebl
|d 20010315
|
| 992 |
|
|
|a RBX
|
| BAS |
|
|
|
| 998 |
|
|
|a RETRO
|